[Event "11. Lichtenberger Sommer"]
[Site "Berlin"]
[Date "2012.08.26"]
[Round "9.8"]
[White "Vogel, Robert"]
[Black "Niehaus, Frank"]
[Result "1-0"]
[WhiteElo "2258"]
[BlackElo "2208"]
[PlyCount "81"]
[EventDate "2012.??.??"]
[WhiteTeam "SGem Pang/Rosenheim"]
[BlackTeam "SK König Tegel 1949 e.V."]

1. d4 Nf6 2. c4 g6 3. Nc3 Bg7 4. e4 d6 5. f3 O-O 6. Be3 c5 7. Nge2 Qa5 8. Qd2
Nc6 9. d5 Ne5 10. Nc1 a6 11. f4 Neg4 12. Bg1 Nh5 13. N1e2 f5 14. h3 Nh6 15.
exf5 gxf5 16. Bf2 b5 17. Nc1 b4 18. Nd1 Nf6 19. Bd3 e6 20. Ne3 Qc7 21. g4 e5
22. g5 Nh5 23. gxh6 Bxh6 24. Ne2 Qa5 25. Bh4 exf4 26. Nf1 Re8 27. Rg1+ Kh8 28.
Bg5 Bg7 29. Kf2 Rg8 30. Nh2 Bd7 31. Nf3 Be5 32. Nxf4 Ng7 33. Nxe5 dxe5 34. Ne6
Bxe6 35. dxe6 Qb6 36. Bf6 Qd6 37. Qh6 Qd4+ 38. Ke2 Qxb2+ 39. Kf3 e4+ 40. Kg3
f4+ 41. Qxf4 1-0

[Event "11. Lichtenberger Sommer"]
[Site "Berlin"]
[Date "2012.08.26"]
[Round "9.11"]
[White "Simon, Ralf-Axel"]
[Black "Petersen, Soren Boeck"]
[Result "1/2-1/2"]
[WhiteElo "2153"]
[BlackElo "2279"]
[PlyCount "48"]
[EventDate "2012.??.??"]
[WhiteTeam "TSG Neuruppin"]
[BlackTeam "Damhus Skakklub"]

1. c4 e5 2. Nc3 Nf6 3. Nf3 Nc6 4. a3 d5 5. cxd5 Nxd5 6. Qc2 Be6 7. e3 Bd6 8.
Bb5 O-O 9. Nxd5 Bxd5 10. e4 Be6 11. Bxc6 bxc6 12. d4 exd4 13. Nxd4 Bb4+ 14. Bd2
Qxd4 15. Bxb4 Rfe8 16. O-O Bc4 17. Rfe1 Bd3 18. Qxc6 Bxe4 19. Qxc7 Qxb2 20. f3
Rac8 21. Qg3 Bg6 22. Rxe8+ Rxe8 23. Re1 Rxe1+ 24. Qxe1 Qb1 1/2-1/2

[Event "11. Lichtenberger Sommer"]
[Site "Berlin"]
[Date "2012.08.26"]
[Round "9.12"]
[White "Rietze, Clemens"]
[Black "Zschäbitz, Klaus"]
[Result "1-0"]
[WhiteElo "2280"]
[BlackElo "2077"]
[PlyCount "65"]
[EventDate "2012.??.??"]
[WhiteTeam "USV Potsdam e.V., Abt. Schach"]
[BlackTeam "BSG 1827 Eckbauer e.V."]

1. e4 e6 2. d4 d5 3. Nc3 Bb4 4. e5 c5 5. a3 Bxc3+ 6. bxc3 Qc7 7. Qg4 f5 8. Qg3
Nc6 9. Nf3 Qf7 10. h4 Nge7 11. Ng5 Qg8 12. dxc5 Bd7 13. h5 Nd8 14. Be3 Nf7 15.
Nf3 h6 16. Rb1 Bc6 17. Rh4 g5 18. hxg6 Nxg6 19. Rhb4 Nd8 20. Nd4 Qf7 21. f4 a6
22. Be2 Rc8 23. Bh5 Rg8 24. Kd2 Kd7 25. Qh3 Qe7 26. Rh1 Nf7 27. g4 fxg4 28.
Bxg4 Nf8 29. Re1 Nd8 30. f5 Qg7 31. fxe6+ Kc7 32. Nf5 Qxg4 33. Rxg4 1-0

[Event "11. Lichtenberger Sommer"]
[Site "Berlin"]
[Date "2012.08.26"]
[Round "9.13"]
[White "Giemsa, Stephan"]
[Black "Burger, Heinrich"]
[Result "1/2-1/2"]
[WhiteElo "2261"]
[BlackElo "2138"]
[PlyCount "27"]
[EventDate "2012.??.??"]
[WhiteTeam "SK König Tegel 1949 e.V."]
[BlackTeam "VfB Hermsdorf e.V."]

1. d4 Nf6 2. c4 e6 3. g3 c5 4. d5 exd5 5. cxd5 d6 6. Nc3 g6 7. Bg2 Bg7 8. Nf3
O-O 9. O-O Nbd7 10. Nd2 Nh5 11. Nde4 Ndf6 12. Nd2 Nd7 13. Nde4 Ndf6 14. Nd2
1/2-1/2

[Event "11. Lichtenberger Sommer"]
[Site "Berlin"]
[Date "2012.08.26"]
[Round "9.15"]
[White "Lorenz, Sascha"]
[Black "Fischer, Daniel"]
[Result "1-0"]
[WhiteElo "2258"]
[BlackElo "2114"]
[PlyCount "69"]
[EventDate "2012.??.??"]
[WhiteTeam "SK König Tegel 1949 e.V."]
[BlackTeam "SK Oberkirch"]

1. c4 d6 2. g3 e5 3. Nc3 f5 4. Bg2 Nf6 5. d3 Be7 6. e4 c6 7. Nge2 O-O 8. O-O
Na6 9. h3 Be6 10. exf5 Bxf5 11. d4 Qc7 12. Be3 Rad8 13. Rc1 Kh8 14. g4 Bg6 15.
f4 Qb8 16. Qa4 exd4 17. Nxd4 Nc5 18. Qd1 Bd3 19. g5 Bxf1 20. gxf6 Bxf6 21. Bxf1
Rde8 22. Qf3 Qc8 23. b4 Ne6 24. Nxe6 Qxe6 25. Bf2 Bxc3 26. Rxc3 Qg6+ 27. Bg3
Qb1 28. a3 Rf7 29. Rd3 Qc1 30. Rxd6 h6 31. Rd3 Rfe7 32. Bf2 Qxc4 33. Rd6 Qc1
34. Qg4 Qc3 35. Bd4 1-0

[Event "11. Lichtenberger Sommer"]
[Site "Berlin"]
[Date "2012.08.26"]
[Round "9.16"]
[White "Kohler, Thomas"]
[Black "Krefenstein, Sergej"]
[Result "1-0"]
[WhiteElo "2249"]
[BlackElo "2062"]
[PlyCount "79"]
[EventDate "2012.??.??"]
[WhiteTeam "SC Zitadelle Spandau 1977 e.V."]
[BlackTeam "TuS Makkabi Berlin e.V."]

1. c4 c5 2. g3 Nf6 3. Bg2 d5 4. cxd5 Nxd5 5. Nc3 Nc7 6. Qb3 Nc6 7. Bxc6+ bxc6
8. Nf3 f6 9. Qa4 Bd7 10. d3 e5 11. Nd2 Be7 12. b3 Nb5 13. Bb2 Nd4 14. Rc1 O-O
15. Nce4 Be6 16. Nxc5 Qd5 17. e4 Qxc5 18. Rxc5 Bxc5 19. O-O Rfc8 20. Kg2 Nb5
21. Rc1 Be7 22. Nc4 Rab8 23. Qa6 Rc7 24. f4 exf4 25. gxf4 Rd8 26. f5 Bc8 27.
Qa5 Rcd7 28. Rd1 Bb7 29. Kf1 Ba8 30. d4 Rb8 31. Qe1 Nd6 32. Nxd6 Bxd6 33. e5
Bb4 34. Qe2 fxe5 35. dxe5 Rf7 36. Qc4 Kf8 37. f6 gxf6 38. e6 Rg7 39. Bxf6 Rg6
40. Qxb4+ 1-0

[Event "11. Lichtenberger Sommer"]
[Site "Berlin"]
[Date "2012.08.26"]
[Round "9.17"]
[White "Neumann, Thomas"]
[Black "Schulz, Michael"]
[Result "0-1"]
[WhiteElo "2130"]
[BlackElo "2239"]
[PlyCount "50"]
[EventDate "2012.??.??"]
[WhiteTeam "SC Borussia Friedrichsfelde 1920"]
[BlackTeam "SC Empor Potsdam 1952 e.V."]

1. d4 Nf6 2. Nf3 c5 3. e3 g6 4. c3 Qc7 5. Bd3 Bg7 6. O-O O-O 7. Nbd2 d6 8. Qc2
Nc6 9. b3 Bd7 10. Bb2 Rac8 11. Rac1 cxd4 12. cxd4 Qa5 13. Nc4 Qh5 14. Be2 b5
15. Nfe5 Qh6 16. Nxd7 Nxd7 17. Bg4 f5 18. Na5 Nce5 19. Qxc8 Nxg4 20. h3 Rxc8
21. Rxc8+ Kf7 22. hxg4 Nf6 23. f3 Qxe3+ 24. Rf2 Qe1+ 25. Rf1 Qxa5 0-1

[Event "11. Lichtenberger Sommer"]
[Site "Berlin"]
[Date "2012.08.26"]
[Round "9.19"]
[White "Albrecht, Rainer"]
[Black "Kurz, Christian"]
[Result "1/2-1/2"]
[WhiteElo "2110"]
[BlackElo "2200"]
[PlyCount "111"]
[EventDate "2012.??.??"]
[WhiteTeam "SC Kreuzberg e.V."]
[BlackTeam "SC Bechhofen 1923 e.V."]

1. d4 e6 2. c4 Nf6 3. Nc3 Bb4 4. Bd2 c5 5. dxc5 Bxc5 6. Nf3 O-O 7. g3 b6 8. Bg2
Bb7 9. O-O Be7 10. Bf4 d6 11. Qd2 a6 12. Rfd1 Ne8 13. Rac1 Nd7 14. Rc2 Rc8 15.
b3 Qc7 16. Ne1 Bxg2 17. Kxg2 Qb7+ 18. Kg1 Nc5 19. Nd3 Nf6 20. Qc1 Nce4 21. Nxe4
Nxe4 22. f3 Nf6 23. Be3 Rfd8 24. Bf2 Rd7 25. Qd2 Rdc7 26. Rcc1 h6 27. Kg2 Ng4
28. Bg1 Bg5 29. e3 Be7 30. h3 Nf6 31. e4 b5 32. cxb5 axb5 33. Rxc7 Rxc7 34. Rc1
d5 35. e5 Nd7 36. Bd4 Rxc1 37. Qxc1 b4 38. Kf2 Nb8 39. Bc5 Bxc5+ 40. Qxc5 Nc6
41. f4 d4 42. a3 bxa3 43. Qxa3 Qb5 44. b4 Qc4 45. h4 h5 46. Nb2 Qc2+ 47. Kf3
Ne7 48. Qa8+ Nc8 49. b5 Qc1 50. Qc6 Qf1+ 51. Ke4 Qe2+ 52. Kxd4 Qxb2+ 53. Ke3
Qa3+ 54. Ke2 Qf8 55. b6 Nxb6 56. Qxb6 1/2-1/2

[Event "11. Lichtenberger Sommer"]
[Site "Berlin"]
[Date "2012.08.26"]
[Round "9.20"]
[White "Dauth, Benjamin"]
[Black "Hahlbohm, Matthias"]
[Result "1-0"]
[WhiteElo "2322"]
[BlackElo "2065"]
[PlyCount "107"]
[EventDate "2012.??.??"]
[WhiteTeam "SC Rotation Pankow e.V."]
[BlackTeam "TSG Oberschöneweide e.V."]

1. e4 c5 2. c3 e6 3. d4 d5 4. e5 Nc6 5. Nf3 Qb6 6. Bd3 Bd7 7. dxc5 Bxc5 8. O-O
Qc7 9. Bf4 Nge7 10. b4 Bb6 11. a4 a5 12. b5 Na7 13. Ra2 Ng6 14. Bg3 Nc8 15. Re1
Nce7 16. Rc2 Rc8 17. h4 h6 18. Nbd2 Bc5 19. c4 Qb6 20. cxd5 exd5 21. Nb3 Be6
22. h5 Nf8 23. Bf4 Bb4 24. Bd2 Rxc2 25. Qxc2 Bxd2 26. Qxd2 Nd7 27. Qxa5 Qxa5
28. Nxa5 Nc5 29. Bc2 Kd7 30. Ra1 Bg4 31. Nd4 Bxh5 32. Nab3 Nxb3 33. Bxb3 Ra8
34. Rc1 Bg6 35. f3 b6 36. Kf2 Rc8 37. Rxc8 Kxc8 38. Ke3 Kc7 39. Kd2 h5 40. Kc3
h4 41. Kd2 Bb1 42. Ke3 g5 43. Kf2 Ng6 44. e6 f6 45. Bxd5 Kd6 46. Bb3 Ne5 47. g3
Nd3+ 48. Kg2 hxg3 49. Nf5+ Kc7 50. e7 Nf4+ 51. Kxg3 Nh5+ 52. Kg4 Bxf5+ 53. Kxf5
Kd7 54. Bf7 1-0

[Event "11. Lichtenberger Sommer"]
[Site "Berlin"]
[Date "2012.08.26"]
[Round "9.21"]
[White "Glantz, Robert"]
[Black "Tahiri, Daut"]
[Result "1-0"]
[WhiteElo "2282"]
[BlackElo "2114"]
[PlyCount "59"]
[EventDate "2012.??.??"]
[WhiteTeam "SC Kreuzberg e.V."]
[BlackTeam "SK Tempelhof 1931 e.V."]

1. e4 c5 2. Nf3 a6 3. Nc3 d6 4. d4 cxd4 5. Nxd4 e6 6. Be3 b5 7. Bd3 Bb7 8. a3
Qc7 9. O-O Nf6 10. f4 Nc6 11. Nb3 Be7 12. Qf3 Nd7 13. a4 b4 14. Ne2 Nc5 15. Ng3
Rc8 16. Qg4 g6 17. Qe2 a5 18. Nxc5 dxc5 19. Bc4 Nd4 20. Qf2 Qb6 21. f5 gxf5 22.
exf5 Bd5 23. Bxd5 exd5 24. Bxd4 cxd4 25. f6 Bc5 26. Qf5 Qc6 27. Rae1+ Kd8 28.
Re5 Kc7 29. Rxd5 Kb6 30. Ne4 1-0

[Event "11. Lichtenberger Sommer"]
[Site "Berlin"]
[Date "2012.08.26"]
[Round "9.22"]
[White "Kapp, Martin"]
[Black "Konrad, Erhard"]
[Result "1/2-1/2"]
[WhiteElo "2215"]
[BlackElo "1956"]
[PlyCount "112"]
[EventDate "2012.??.??"]
[WhiteTeam "TSV IFA Chemnitz"]
[BlackTeam "SG Lasker Steglitz-Wilmersdorf"]

1. d4 e6 2. c4 f5 3. g3 Nf6 4. Bg2 d5 5. Nf3 c6 6. O-O Bd6 7. Nbd2 O-O 8. b3 b6
9. Bb2 Bb7 10. Ne5 Nbd7 11. Nd3 Qe7 12. Nf3 dxc4 13. bxc4 c5 14. Nfe5 Bxg2 15.
Kxg2 cxd4 16. Nc6 Qe8 17. Nxd4 Nc5 18. Nb5 Qc6+ 19. Kg1 Rfd8 20. Nb4 Qd7 21.
Qc2 a6 22. Nd4 Rac8 23. Rac1 Qb7 24. Nd3 Nxd3 25. exd3 Qd7 26. Rfe1 Re8 27. Qb3
Bc5 28. Nf3 Qb7 29. d4 Bf8 30. d5 Ne4 31. Nd4 Bc5 32. Rxe4 fxe4 33. Nxe6 Qf7
34. Nxc5 bxc5 35. Qe3 Qf3 36. Qg5 Qf7 37. Re1 Rb8 38. Bc3 Rf8 39. Rf1 Rb7 40.
Qe3 Qe7 41. Rd1 Rd7 42. Rb1 Rf3 43. Rb8+ Kf7 44. Qe2 Rxc3 45. Qh5+ g6 46. Qxh7+
Kf6 47. Rb6+ Ke5 48. Qxg6 Rd6 49. f4+ exf3 50. Qh5+ Kd4 51. Qg4+ Qe4 52. Qxe4+
Kxe4 53. Rxd6 Rc1+ 54. Kf2 Rc2+ 55. Kg1 Rc1+ 56. Kf2 Rc2+ 1/2-1/2

[Event "11. Lichtenberger Sommer"]
[Site "Berlin"]
[Date "2012.08.26"]
[Round "9.23"]
[White "Jahnz, Fabian"]
[Black "Heerde, Thomas"]
[Result "1/2-1/2"]
[WhiteElo "2215"]
[BlackElo "1969"]
[PlyCount "130"]
[EventDate "2012.??.??"]
[WhiteTeam "SK König Tegel 1949 e.V."]
[BlackTeam "SC Weisse Dame e.V."]

1. e4 d5 2. exd5 Qxd5 3. Nc3 Qa5 4. d4 Nf6 5. Bc4 Bf5 6. Bd2 c6 7. Nd5 Qd8 8.
Nxf6+ gxf6 9. Nf3 Qc7 10. O-O e6 11. Nh4 Bg6 12. c3 Nd7 13. Qf3 Bd6 14. g3
O-O-O 15. b4 Rhg8 16. a4 f5 17. Ng2 e5 18. Kh1 f4 19. gxf4 e4 20. Qh3 Kb8 21.
f5 Nb6 22. Bb3 Qd7 23. Nh4 Bh5 24. Rg1 Nd5 25. Bc2 Qe7 26. Bd1 Rxg1+ 27. Kxg1
Bxd1 28. Rxd1 Rg8+ 29. Ng2 Bf4 30. Kf1 Bxd2 31. Rxd2 Qg5 32. Rc2 Ka8 33. Qg3
Qd8 34. Qh4 Qxh4 35. Nxh4 e3 36. Nf3 Rg4 37. Re2 Rf4 38. Kg2 Rxf5 39. Kg3 a5
40. bxa5 exf2 41. Kxf2 Nxc3 42. Re5 Rxe5 43. Nxe5 f6 44. Nd7 Nd5 45. Kf3 Ka7
46. Nc5 f5 47. Kg3 b6 48. axb6+ Kxb6 49. Kh4 Ka5 50. Kg5 f4 51. Kg4 Kb4 52. Kf3
Kc4 53. Ne6 Kb4 54. Nxf4 Nxf4 55. Kxf4 Kxa4 56. h4 Kb4 57. Ke5 Kc4 58. h5 h6
59. Ke4 Kc3 60. Ke5 Kc4 61. Ke4 Kc3 62. d5 cxd5+ 63. Kxd5 Kd3 64. Ke5 Kc4 65.
Kf6 Kd5 1/2-1/2

[Event "11. Lichtenberger Sommer"]
[Site "Berlin"]
[Date "2012.08.26"]
[Round "9.26"]
[White "Poseck, Steffen"]
[Black "Höckendorf, Hartmut"]
[Result "0-1"]
[WhiteElo "2076"]
[BlackElo "2185"]
[PlyCount "74"]
[EventDate "2012.??.??"]
[WhiteTeam "BSV 63 Chemie Weißensee"]
[BlackTeam "BSG Pneumant Fürstenwalde e.V."]

1. d4 Nf6 2. Nc3 d5 3. f3 c5 4. e4 e6 5. Bb5+ Bd7 6. Bxd7+ Nbxd7 7. exd5 Nxd5
8. Nxd5 exd5 9. Qe2+ Be7 10. dxc5 O-O 11. Bd2 Bh4+ 12. Kf1 Nxc5 13. g3 Bf6 14.
Qb5 Rc8 15. Ne2 a6 16. Qb4 Re8 17. Re1 Qd7 18. Nf4 Rxe1+ 19. Bxe1 g5 20. Ng2
Qf5 21. Qg4 Qxg4 22. fxg4 Bxb2 23. Ne3 Ne4 24. Ke2 Nf6 25. Kd3 Be5 26. Rf1 h6
27. Rf5 Re8 28. h4 gxh4 29. gxh4 d4 30. g5 dxe3 31. gxf6 Re6 32. Rf3 Bxf6 33.
Rg3+ Kh7 34. Rg2 b5 35. Re2 Kg6 36. c4 Rd6+ 37. Kc2 Rc6 0-1

[Event "11. Lichtenberger Sommer"]
[Site "Berlin"]
[Date "2012.08.26"]
[Round "9.27"]
[White "Guenther, Thomas"]
[Black "Berndt, Matthias"]
[Result "1-0"]
[WhiteElo "2085"]
[BlackElo "2142"]
[PlyCount "91"]
[EventDate "2012.??.??"]
[WhiteTeam "SV Senat e.V."]
[BlackTeam "SC Fulda"]

1. d4 d5 2. Nf3 Nf6 3. e3 e6 4. Bd3 c5 5. c3 Nc6 6. Nbd2 Qc7 7. O-O Be7 8. a3
e5 9. dxe5 Nxe5 10. Bb5+ Bd7 11. Bxd7+ Nexd7 12. Qc2 c4 13. e4 O-O 14. exd5 b5
15. a4 a6 16. Nd4 Qc5 17. Nf5 Rae8 18. axb5 axb5 19. b4 Qxd5 20. Nf3 Bd8 21.
Rd1 Qc6 22. Bf4 Re4 23. Bg3 Bb6 24. Nd6 Re6 25. Ng5 Re5 26. Bxe5 Nxe5 27. Qf5
Neg4 28. Nde4 g6 29. Nxf6+ Nxf6 30. Qf4 h6 31. Nf3 Ne4 32. Nd4 Nxc3 33. Nxc6
Ne2+ 34. Kf1 Nxf4 35. Nd4 Nd3 36. Nxb5 Nxb4 37. Nc3 Nd3 38. Ra2 Rc8 39. Rc2 Nb4
40. Rcc1 Kg7 41. Na4 Bd8 42. Rd4 Ra8 43. Rcxc4 Rxa4 44. Rxd8 Ra1+ 45. Ke2 Na2
46. Rd1 1-0

[Event "11. Lichtenberger Sommer"]
[Site "Berlin"]
[Date "2012.08.26"]
[Round "9.28"]
[White "Penner, Markus"]
[Black "Heuser, Philip"]
[Result "1-0"]
[WhiteElo "1998"]
[BlackElo "2147"]
[PlyCount "121"]
[EventDate "2012.??.??"]
[WhiteTeam "SK Zehlendorf e.V."]
[BlackTeam "SG Heidelberg-Kirchheim"]

1. e4 c6 2. d4 d5 3. e5 Bf5 4. Nf3 e6 5. Be2 Nd7 6. O-O Ne7 7. Nh4 Bg6 8. Nd2
c5 9. c3 Nc6 10. Nxg6 hxg6 11. Nf3 Be7 12. Be3 O-O 13. Qd2 Qb6 14. Rfc1 Rfd8
15. Bd3 Rac8 16. a3 Na5 17. dxc5 Qc7 18. Qc2 Bxc5 19. Bg5 Nc6 20. Bxd8 Rxd8 21.
Re1 Ncxe5 22. Nxe5 Nxe5 23. Qe2 Bd6 24. h3 a6 25. Rad1 Rc8 26. Qe3 Re8 27. Bf1
Re7 28. Qd4 Nd7 29. c4 Bh2+ 30. Kh1 Be5 31. Qd2 dxc4 32. Qb4 Nf6 33. Rxe5 Qxe5
34. Qxe7 Qxb2 35. Qd8+ Kh7 36. Qd4 Qxa3 37. Qh4+ Nh5 38. Bxc4 Qa4 39. Rc1 b5
40. g4 Qa3 41. Rg1 Qf3+ 42. Rg2 bxc4 43. gxh5 gxh5 44. Qxc4 Qxh3+ 45. Kg1 Qa3
46. Rg3 Qa1+ 47. Kg2 Qf6 48. Qxa6 g6 49. Qc4 Kg7 50. Qc3 e5 51. Re3 Qg5+ 52.
Kf1 f6 53. Qc7+ Kh6 54. Qd8 Qf5 55. Qh8+ Kg5 56. Rg3+ Kh4 57. Qa8 e4 58. Re3
Qb5+ 59. Kg2 Qg5+ 60. Rg3 Qf5 61. Qa1 1-0

[Event "11. Lichtenberger Sommer"]
[Site "Berlin"]
[Date "2012.08.26"]
[Round "9.29"]
[White "Nötzel, Felix"]
[Black "Baumert, Christian"]
[Result "1-0"]
[WhiteElo "2107"]
[BlackElo "2158"]
[PlyCount "121"]
[EventDate "2012.??.??"]
[WhiteTeam "Sfrd. Berlin 1903 e.V."]
[BlackTeam "SG Lasker Steglitz-Wilmersdorf"]

1. e4 c6 2. d4 d5 3. Nc3 dxe4 4. f3 e5 5. dxe5 Qxd1+ 6. Nxd1 exf3 7. Nxf3 Bc5
8. Be3 Bb6 9. Bc4 Ne7 10. Ng5 O-O 11. O-O Nd5 12. Bxb6 axb6 13. Bxd5 cxd5 14.
Nc3 h6 15. Nf3 Be6 16. a3 Nc6 17. Nb5 Bg4 18. Rae1 Ra5 19. Nfd4 Bd7 20. Rf4 Re8
21. Nd6 Rxe5 22. Rxe5 Nxe5 23. Nxb7 Ra4 24. Ne2 Rxf4 25. Nxf4 d4 26. Nd6 Ba4
27. b3 d3 28. Nxd3 Nxd3 29. cxd3 Bxb3 30. Kf2 Be6 31. Ke3 Kf8 32. Kd4 Ke7 33.
Nc4 b5 34. Nd2 Kd6 35. Ne4+ Kc6 36. Ke5 Bb3 37. g3 Bc2 38. Kd4 f5 39. Nc5 g5
40. Ne6 Kd6 41. Ng7 f4 42. gxf4 gxf4 43. Nf5+ Ke6 44. Nxh6 Kf6 45. Ke4 Kg5 46.
Nf7+ Kg4 47. Ne5+ Kh3 48. Kxf4 Kxh2 49. d4 Bb3 50. Ke4 Bc2+ 51. Kd5 Kg3 52. Kc5
Kf4 53. Kxb5 Ke4 54. Kc5 Bb3 55. Nc4 Kf5 56. Nb6 Ke6 57. Kc6 Ke7 58. Kc7 Ke6
59. d5+ Bxd5 60. Nxd5 Kxd5 61. Kb6 1-0

[Event "11. Lichtenberger Sommer"]
[Site "Berlin"]
[Date "2012.08.26"]
[Round "9.30"]
[White "Barwich, Alfred"]
[Black "Marxen, Peter"]
[Result "1/2-1/2"]
[WhiteElo "2011"]
[BlackElo "2140"]
[PlyCount "99"]
[EventDate "2012.??.??"]
[WhiteTeam "SV Berolina Mitte e.V."]
[BlackTeam "Preetzer TSV"]

1. f4 c5 2. Nf3 g6 3. g3 Bg7 4. Bg2 Nc6 5. e4 d6 6. O-O e6 7. c3 Nge7 8. d3 O-O
9. Be3 b6 10. Qd2 Bb7 11. Na3 Rc8 12. Nc2 Qd7 13. Rad1 Rfd8 14. d4 cxd4 15.
Nfxd4 Nxd4 16. Nxd4 d5 17. e5 Ba6 18. Rfe1 Nc6 19. Nf3 Qc7 20. b4 Bc4 21. a4
Bf8 22. Bf1 Bxf1 23. Rxf1 Ne7 24. Rc1 Qc6 25. Qa2 Nf5 26. Bd2 h5 27. Nd4 Nxd4
28. cxd4 Qd7 29. b5 Be7 30. h3 Kg7 31. Qb3 Qb7 32. g4 hxg4 33. hxg4 Rxc1 34.
Bxc1 Rg8 35. Bd2 Qd7 36. Qf3 f6 37. exf6+ Bxf6 38. Be3 Kf7 39. Kg2 Rc8 40. Rh1
Rh8 41. Rc1 Rc8 42. Rh1 Rh8 43. Rc1 Rc8 44. Qd1 Qb7 45. Rc2 Rc4 46. f5 Rxc2+
47. Qxc2 gxf5 48. gxf5 Qe7 49. fxe6+ Qxe6 50. Kf3 1/2-1/2

[Event "11. Lichtenberger Sommer"]
[Site "Berlin"]
[Date "2012.08.26"]
[Round "9.32"]
[White "Kapr, Klaus"]
[Black "Keusch, Horst"]
[Result "1/2-1/2"]
[WhiteElo "2095"]
[BlackElo "2003"]
[PlyCount "44"]
[EventDate "2012.??.??"]
[WhiteTeam "SC Friesen Lichtenberg e.V."]
[BlackTeam "SC Friesen Lichtenberg e.V."]

1. e4 g6 2. d4 c6 3. Nf3 Bg7 4. c3 d5 5. e5 Nh6 6. Bf4 f6 7. Qd2 Nf7 8. exf6
exf6 9. Be2 O-O 10. h4 Re8 11. Na3 b5 12. Nc2 a5 13. O-O Nd6 14. Bxd6 Qxd6 15.
Rfe1 Bf5 16. Bd3 Be4 17. Nh2 Nd7 18. Re2 f5 19. g3 Nf6 20. Rae1 Kf7 21. Nf1 Ng4
22. Bxe4 dxe4 1/2-1/2

[Event "11. Lichtenberger Sommer"]
[Site "Berlin"]
[Date "2012.08.26"]
[Round "9.33"]
[White "Baranowsky, Peter"]
[Black "Elsing, Jan"]
[Result "0-1"]
[WhiteElo "1963"]
[BlackElo "2124"]
[PlyCount "146"]
[EventDate "2012.??.??"]
[WhiteTeam "Sfrd. Berlin 1903 e.V."]
[BlackTeam "SC Friesen Lichtenberg e.V."]

1. d4 d5 2. Nf3 Nf6 3. c4 c6 4. Nc3 dxc4 5. g3 Bf5 6. Bg2 e6 7. Ne5 Nbd7 8.
Nxc4 Rc8 9. Bf4 Nb6 10. Na5 Qd7 11. e4 Bb4 12. Nb3 Nxe4 13. Bxe4 Bxe4 14. O-O
Bd5 15. Nc5 Qe7 16. Nd3 Bd6 17. a4 Bxf4 18. Nxf4 O-O 19. Re1 Qf6 20. a5 Nc4 21.
Nfxd5 cxd5 22. b3 Nd6 23. Qd3 Rc7 24. a6 b6 25. Rac1 Rfc8 26. Kg2 g6 27. Ne2
Nf5 28. Rxc7 Rxc7 29. Rd1 Nd6 30. Nc3 Qf5 31. h3 Qxd3 32. Rxd3 b5 33. Na2 Rc2
34. Nb4 Rc1 35. Kf3 Ne4 36. Kg2 Kf8 37. f3 Nd6 38. Kf2 Ne8 39. Ke2 Nc7 40. Rd1
Rxd1 41. Kxd1 Ke7 42. Nc6+ Kd6 43. Nxa7 b4 44. Nc8+ Kd7 45. Nb6+ Kc6 46. Nc8
Nxa6 47. Ne7+ Kd6 48. Ng8 Nc7 49. Kd2 h5 50. g4 Ne8 51. f4 f6 52. Kd3 hxg4 53.
hxg4 g5 54. fxg5 fxg5 55. Ke3 e5 56. dxe5+ Kxe5 57. Ne7 Nf6 58. Nc6+ Kd6 59.
Nxb4 Nxg4+ 60. Kd4 Nf6 61. Nd3 Nd7 62. b4 Nf8 63. Nc5 Ne6+ 64. Nxe6 Kxe6 65. b5
Kd6 66. b6 g4 67. Ke3 Kc6 68. b7 Kxb7 69. Kf4 Kc6 70. Kxg4 Kc5 71. Kf3 Kd4 72.
Ke2 Kc3 73. Kd1 Kd3 0-1

[Event "11. Lichtenberger Sommer"]
[Site "Berlin"]
[Date "2012.08.26"]
[Round "9.34"]
[White "Gräfe, Charly"]
[Black "Olivares, Eduardo"]
[Result "1/2-1/2"]
[WhiteElo "1950"]
[BlackElo "1849"]
[PlyCount "81"]
[EventDate "2012.??.??"]
[WhiteTeam "SF Friedrichshagen"]
[BlackTeam "SC Zitadelle Spandau 1977 e.V."]

1. Nf3 d5 2. c4 c6 3. g3 Bf5 4. b3 e6 5. Bb2 Nf6 6. Bg2 Be7 7. O-O O-O 8. d3 h6
9. Nbd2 Nbd7 10. Re1 Bh7 11. d4 Ne4 12. Ne5 Nxe5 13. Bxe4 dxe4 14. dxe5 Bb4 15.
Nf1 Qa5 16. a3 Bxe1 17. Qxe1 Qxe1 18. Rxe1 Rfd8 19. Bc3 c5 20. Ne3 Rd7 21. Rb1
a5 22. b4 axb4 23. axb4 cxb4 24. Bxb4 f6 25. Bd6 Bg6 26. c5 Be8 27. Nc2 fxe5
28. Ne3 Rxd6 29. cxd6 Bc6 30. Nc4 Rd8 31. Rb6 e3 32. fxe3 e4 33. Kg2 Kf8 34.
Na5 Bd5 35. Nxb7 Bxb7 36. Rxb7 Rxd6 37. Rb4 Kf7 38. Rxe4 Kf6 39. Rf4+ Ke7 40.
Rd4 Ra6 41. Rb4 1/2-1/2

[Event "11. Lichtenberger Sommer"]
[Site "Berlin"]
[Date "2012.08.26"]
[Round "9.37"]
[White "Scheide, Helmut"]
[Black "Amelang, Thomas"]
[Result "0-1"]
[WhiteElo "1998"]
[BlackElo "2140"]
[PlyCount "84"]
[EventDate "2012.??.??"]
[WhiteTeam "USV Potsdam e.V., Abt. Schach"]
[BlackTeam "SK Siemens München"]

1. d4 c5 2. d5 Nf6 3. c4 b5 4. e3 g6 5. cxb5 a6 6. Nc3 Bg7 7. Nf3 d6 8. bxa6
Bxa6 9. Bxa6 Nxa6 10. O-O O-O 11. Qe2 Qb6 12. Rd1 e6 13. dxe6 fxe6 14. e4 Nd7
15. Qc4 Nc7 16. Na4 Qc6 17. Nc3 Nb6 18. Qe2 d5 19. e5 Na4 20. Nxa4 Rxa4 21. Ng5
h6 22. b3 Rh4 23. Nf3 Re4 24. Qd3 Kh7 25. Bb2 Ref4 26. Rac1 Na6 27. a3 Qb7 28.
h3 d4 29. Re1 Rxf3 30. gxf3 Rxf3 31. Qf1 Rxb3 32. Rb1 Nc7 33. Ba1 Nd5 34. Qd3
Nf4 35. Qf1 Nxh3+ 36. Qxh3 Rxb1 37. Qf1 Rxe1 38. Qxe1 Qb3 39. Qc1 Qd5 40. f4 c4
41. a4 Bf8 42. Bb2 Bc5 0-1

[Event "11. Lichtenberger Sommer"]
[Site "Berlin"]
[Date "2012.08.26"]
[Round "9.38"]
[White "Reiche, Henry"]
[Black "Meyer, Ulrich"]
[Result "0-1"]
[WhiteElo "2004"]
[BlackElo "2069"]
[PlyCount "94"]
[EventDate "2012.??.??"]
[WhiteTeam "SC Zugzwang 95 e.V."]
[BlackTeam "Schachclub Sendenhorst e.V."]

1. e4 c5 2. Nc3 Nc6 3. g3 g6 4. Bg2 Bg7 5. d3 d6 6. Be3 Bd7 7. Qd2 h5 8. h4 Rb8
9. Nge2 Nh6 10. f3 b5 11. O-O b4 12. Nd1 a5 13. Rb1 Be6 14. b3 Qb6 15. Nf2 Bd7
16. Kh1 Ng8 17. f4 Nh6 18. Rbe1 Ng4 19. Nxg4 Bxg4 20. Qc1 Na7 21. f5 Bxe2 22.
Rxe2 O-O 23. Bh6 Kh7 24. Bxg7 Kxg7 25. Qg5 Nc6 26. Ref2 Qc7 27. fxg6 f6 28.
Qxh5 Rh8 29. Qf5 Ne5 30. Kg1 Nxg6 31. Qg4 Qc8 32. Rf5 Kf7 33. Bh3 Ne5 34. Qf4
Qd8 35. h5 Nc6 36. Rg5 Qf8 37. Bd7 Nd4 38. Qg4 Qh6 39. Qh4 Rbg8 40. Rxg8 Rxg8
41. Bf5 Rxg3+ 42. Kh1 Rg5 43. Bg6+ Kg7 44. Rf4 Nxc2 45. Kh2 Nd4 46. Qh3 Rxg6
47. hxg6 Qxf4+ 0-1

[Event "11. Lichtenberger Sommer"]
[Site "Berlin"]
[Date "2012.08.26"]
[Round "9.39"]
[White "George, Tom"]
[Black "Montolio Benedicto, Cesar"]
[Result "1/2-1/2"]
[WhiteElo "1883"]
[BlackElo "1956"]
[PlyCount "27"]
[EventDate "2012.??.??"]
[WhiteTeam "SG Blau-Weiß Stadtilm"]
[BlackTeam "Gros Xake Taldea"]

1. Nc3 d5 2. e4 dxe4 3. Nxe4 g6 4. f4 Bg7 5. Nf3 Nf6 6. Nf2 Nc6 7. g3 O-O 8.
Bg2 Ng4 9. O-O Nxf2 10. Rxf2 e5 11. fxe5 Nxe5 12. Nxe5 Bxe5 13. c3 c6 14. d4
1/2-1/2

[Event "11. Lichtenberger Sommer"]
[Site "Berlin"]
[Date "2012.08.26"]
[Round "9.41"]
[White "Barisch, Florian"]
[Black "Costello, Colin"]
[Result "1-0"]
[WhiteElo "1979"]
[BlackElo "1956"]
[PlyCount "71"]
[EventDate "2012.??.??"]
[WhiteTeam "SV 1934 Ffm-Griesheim"]
[BlackTeam "SC Weisse Dame e.V."]

1. d4 Nf6 2. Nf3 d5 3. Bf4 c5 4. c3 e6 5. e3 Bd6 6. Bg3 Nc6 7. Nbd2 O-O 8. Bd3
b6 9. Ne5 Bb7 10. f4 Qc7 11. Qf3 c4 12. Bc2 b5 13. O-O b4 14. Bh4 Be7 15. Bxf6
Bxf6 16. Qh3 g6 17. Ndf3 Rab8 18. g4 Bc8 19. Rab1 Rb6 20. Ba4 Bxe5 21. fxe5 f6
22. Bxc6 Rxc6 23. exf6 Rxf6 24. Ne5 Rxf1+ 25. Rxf1 bxc3 26. bxc3 Rb6 27. Rf7
Rb1+ 28. Kf2 Rb2+ 29. Kf3 Qxf7+ 30. Nxf7 Kxf7 31. Qxh7+ Ke8 32. Qxg6+ Kd7 33.
Qf7+ Kc6 34. h4 Rc2 35. Qxa7 Rxc3 36. Qa4+ 1-0

[Event "11. Lichtenberger Sommer"]
[Site "Berlin"]
[Date "2012.08.26"]
[Round "9.42"]
[White "Langner, Tobias"]
[Black "Peschke, Uwe"]
[Result "1/2-1/2"]
[WhiteElo "1948"]
[BlackElo "2054"]
[PlyCount "22"]
[EventDate "2012.??.??"]
[WhiteTeam "USV Potsdam e.V., Abt. Schach"]
[BlackTeam "SC Empor Potsdam 1952 e.V."]

1. e4 d5 2. exd5 Qxd5 3. Nc3 Qa5 4. d4 Nf6 5. Bc4 c6 6. Nf3 Bf5 7. Bd2 e6 8.
Nd5 Qd8 9. Nxf6+ gxf6 10. Qe2 Nd7 11. O-O-O Qc7 1/2-1/2